| 000 | 004990000a22001690004500 | ||
|---|---|---|---|
| 003 | MACL | ||
| 005 | 20160322121605.0 | ||
| 008 | 160322b xxu||||| |||| 00| 0 eng d | ||
| 040 |
_aMACL _cMACL |
||
| 041 | _aHindi | ||
| 082 | _a954 | ||
| 100 |
_aसांकृत्यायन राहुल _948005 |
||
| 245 | _aऋग्वेदिक आर्य | ||
| 260 |
_bकिताब महल _c1957 _aनई दिल्ली |
||
| 650 |
_aHistory _948006 |
||
| 942 |
_cHIN _k954 _2ddc |
||
| 999 |
_c24631 _d24631 |
||